000 00815nam a2200277Ia 4500
003 OSt
005 20220927105920.0
006 a|||||r|||| 00| 0
007 ta
008 220926b |||||||| |||| 00| 0 eng d
024 _a46530
037 _cReference Collections
040 _aRTL
_cRTL
_beng
041 _2eng
_aeng
082 _a"X;89K33, K8"
100 _aPerloff Harvey S Ed.
_9375692
245 0 _aIssues in urban econimics
_b Papers
260 _aBaltimore
_bR F F
_c1968
300 _a"x, 668p."
_ccm.
490 _aConference on Urban Economics
500 _aResources for the future
650 _aRegional Economics
700 _a Wingo Lowdon Ed.
_9375693
942 _h"X;89K33, K8"
_cCC
999 _c695217
_d695217